00692nam a2200193 a 450000500170000000800410001702000180005805000240007610000230010024500950012325000120021826000450023030000170027544000440029252001040033665000210044065000160046165000210047720140412111315.0010309s19uu xx 00 eng d a4-7700-1758-8 aM 398.21bM116 1993 aMcCarthy, Ralph F. aInch-high samurai (The) /cillustrations by Shiro Kasamatsu : retold by Ralph F. McCarthy. a1st ed. aTokyo :bKondansha International,c1993. a47 p. ; ill. aKodansha Children's Classics series : 4 aWhen a young man only one inch high saves a princess from demons, his one greatest wish is granted. aStories in rhyme aFairy tales aFolklore - Japan